Minecraft Mobs: Camel Husk - Statistics

General Stats
  • This quiz has been taken 4 times
  • The average score is 4 of 7
Answer Stats
Question Answer % Correct
What mob, when spawning, has a chance to be riding a camel husk? Husk
100%
What is the other mob that spawns with the camel husk? Parched
75%
What item do camel husks drop? Rotten Flesh
75%
How many health points does a camel husk have? 32
50%
What is an adult camel husk's width in blocks? 1.7
25%
What item can be used to tempt and heal camel husks? Rabbit's Foot
25%
What is an adult camel husk's height in blocks? 2.375
0%
No matching quizzes found
Score Distribution
Percent of People with Each Score
Percentile by Number Answered
Your Score History
You have not taken this quiz